00408nam a22001457a 450000500170000000800410001704100080005808200230006610000140008924500580010326000520016130000090021350000250022250000150024720250409154058.0250409b |||||||| |||| 00| 0 eng d amar a891.46bKUN B22543 aKunte S S aSamanyanchya Asadharan Kartrutvachya Katha : bBhag 2 a PunebBharatiya Vichar Sadhana Prakashanc2023 a376p aMarathi Literature  aLiterature